Vincitori Cincinnati Open - Singolare maschile - Statistics

Statistiche generali
  • Questo quiz è stato fatto 3 volte
  • Il punteggio medio è 27 su 34
Statistiche sulle risposte
Edizione Nazione Tennista vincitore % Corretto
2021 Germania Alexander Zverev
100%
1995 Stati Uniti Andre Agassi
100%
1996 Stati Uniti Andre Agassi
100%
2004 Stati Uniti Andre Agassi
100%
2008 Regno Unito Andy Murray
100%
2011 Regno Unito Andy Murray
100%
2003 Stati Uniti Andy Roddick
100%
2006 Stati Uniti Andy Roddick
100%
2018 Serbia Novak Djokovic
100%
2020 Serbia Novak Djokovic
100%
2023 Serbia Novak Djokovic
100%
1992 Stati Uniti Pete Sampras
100%
1997 Stati Uniti Pete Sampras
100%
1999 Stati Uniti Pete Sampras
100%
2013 Spagna Rafael Nadal
100%
2005 Svizzera Roger Federer
100%
2007 Svizzera Roger Federer
100%
2009 Svizzera Roger Federer
100%
2010 Svizzera Roger Federer
100%
2012 Svizzera Roger Federer
100%
2014 Svizzera Roger Federer
100%
2015 Svizzera Roger Federer
100%
2019 Russia Daniil Medvedev
67%
2001 Brasile Gustavo Kuerten
67%
2016 Croazia Marin Čilić
67%
1993 Stati Uniti Michael Chang
67%
1994 Stati Uniti Michael Chang
67%
1990 Svezia Stefan Edberg
67%
2022 Croazia Borna Ćorić
33%
2002 Spagna Carlos Moyá
33%
2017 Bulgaria Grigor Dimitrov
33%
1998 Australia Patrick Rafter
33%
1991 Francia Guy Forget
0%
2000 Svezia Thomas Enqvist
0%
Nessun quiz corrispondente trovato
Distribuzione punteggi
Percentuale di utenti per punteggio
Percentile per numero di risposta
I tuoi punteggi nel tempo
Non hai fatto questo quiz